SHERLOCK'S DISEASES OF THE LIVER AND BILIARY SYSTEM (Record no. 18603)

MARC details
000 -LEADER
fixed length control field 00338nam a22001457a 4500
003 - CONTROL NUMBER IDENTIFIER
control field SGT
082 ## - DEWEY DECIMAL CLASSIFICATION NUMBER
Classification number 616.024
Item number S15D
100 ## - MAIN ENTRY--PERSONAL NAME
Personal name DOOLEY, JAMES
245 ## - TITLE STATEMENT
Title SHERLOCK'S DISEASES OF THE LIVER AND BILIARY SYSTEM
250 ## - EDITION STATEMENT
Edition statement 12TH
260 ## - PUBLICATION, DISTRIBUTION, ETC. (IMPRINT)
Place of publication, distribution, etc INDIA
Name of publisher, distributor, etc WILL BLACK WELL
Year of Publication 2015
300 ## - PAGE DESCRIPTION
No. of Pages 771
650 ## - SUBJECT ADDED ENTRY--TOPICAL TERM
Topical term or geographic name as entry element HOMOEOPATHIC
942 ## - ADDED ENTRY ELEMENTS (KOHA)
Source of classification or shelving scheme Dewey Decimal Classification
Koha item type Books
Holdings
Withdrawn status Lost status Source of classification or shelving scheme Damaged status Not for loan Home library Current library Shelving location Date acquired Vendor Name Cost, normal purchase price SGTU Bill Number Total Checkouts Full call number Accession No. (Barcode) Date last seen Bill Date Koha item type
    Dewey Decimal Classification     Homeopathy Library Homeopathy Library Reference Book 29/07/2019 ABC, PUB 6495.00 SGTU 7136   616.024 S15D FH781 29/07/2019 09/08/2016 Books
    Dewey Decimal Classification     Homeopathy Library Homeopathy Library Reference Book 29/07/2019 ABC, PUB 6495.00 SGTU 7136   616.024 S15D FH782 29/07/2019 09/08/2016 Books